Saadat Hassan Manto : (Record no. 164208)

MARC details
000 -LEADER
fixed length control field 00620nam a2200193 4500
005 - DATE AND TIME OF LATEST TRANSACTION
control field 20190514105813.0
010 ## - LCCN (DPL NO)
LC control number ENG-125167
020 ## - INTERNATIONAL STANDARD BOOK NUMBER
International Standard Book Number 9788171921584
Terms of availability 600.00
035 ## - SYSTEM CONTROL NUMBER
System control number EN-108699
037 ## - SOURCE OF ACQUISITION
Source of stock number/acquisition DBAD/PUB
082 ## - DEWEY DECIMAL CLASSIFICATION NUMBER
Classification number 808.02
100 ## - MAIN ENTRY--PERSONAL NAME
Personal name Farzana S. Ali
245 ## - TITLE STATEMENT
Title Saadat Hassan Manto :
Remainder of title Indo- Pak short story writer of partition stories/
Statement of responsibility, etc by Farzana S. Ali
260 ## - PUBLICATION, DISTRIBUTION, ETC. (IMPRINT)
Place of publication, distribution, etc Nagpur
Name of publisher, distributor, etc Dattsons
Date of publication, distribution, etc 2018
270 ## - ADDRESS
Address Jawaharlal Nehru Marg, Sadar
City Nagpur
Postal code 440001
Electronic mail address dattsonspublishers@gmail.com
300 ## - PHYSICAL DESCRIPTION
Extent vii,107p.
Dimensions 22cm(Hb)
500 ## - GENERAL NOTE
General note Includes index
942 ## - ADDED ENTRY ELEMENTS (KOHA)
Source of classification or shelving scheme Dewey Decimal Classification
Item type English Books
Classification part 808.02
Call number suffix FAR
Holdings
Withdrawn status Lost status Not for loan Collection code Home library Current library Date acquired Source of acquisition Cost, normal purchase price Full call number Barcode Copy number Cost, replacement price Koha item type
    Not For Loan Non-fiction D.B.Act.Division Central Library 14/05/2019 DBAD/PUB 600.00 808.02 FAR EN-108699 1 600.00 English Books

© Delhi Public Library
Hit Counter
free hit counter